00808nam a2200217 a 450000100060000000300080000600500170001400800410003103500190007204000350009104100080012608200250013410000200015924501340017926000680031330000480038150200740042950400290050365000320053270000260056483528BD-RjUL20240417150809.0240417b1970 us a|||| m||| 00| 0 eng d a(BD-RjUL)83528 aBD-RjULbengcBD-RjULdBD-RjUL aeng 223a538.44bMOO 1970 aMountford, R.G.10aOBSERVATION AND STUDY OF THE FERROMAGNETIC DOMAIN STRUCTURES IN NICKEL-IRON BASED ALLOYS /cR.G. Mountford6Supervisor : E.W. Lee aLondon :bDepartment of physics,University of Southamptonc1970 a[9], 208, [4], vi, leaves : bill.;c28 cm. aThesis(Ph.D.) -- Department of physics,University of Southampton,1970 aReferences : Leaves i-vi aFerromagnetismxNickel-Iron aLee, E.W. Supervisor